[Event "Forli op"]
[Site "Forli"]
[Date "1992.??.??"]
[Round "3"]
[White "Golod, Vitali"]
[Black "Gallagher, Joseph G"]
[Result "1/2-1/2"]
[WhiteElo "2410"]
[BlackElo "2510"]

1.d4 Nf6 2.c4 g6 3.Nc3 Bg7 4.e4 d6 5.Be2 O-O 6.Nf3 e5 7.dxe5 dxe5 8.Qxd8 Rxd8
9.Bg5 Re8 10.Nd5 Nxd5 11.cxd5 c6 12.Bc4 cxd5 13.Bxd5 Nd7 14.Bd2 Nc5 15.O-O Be6  1/2-1/2

[Event "Forli op"]
[Site "Forli"]
[Date "1992.??.??"]
[Round "7"]
[White "Caposciutti, Maurizio"]
[Black "Gallagher, Joseph G"]
[Result "0-1"]
[WhiteElo "2305"]
[BlackElo "2510"]

1.Nf3 Nf6 2.c4 g6 3.Nc3 Bg7 4.e4 d6 5.d4 O-O 6.Be2 e5 7.dxe5 dxe5 8.Qxd8 Rxd8
9.Bg5 Re8 10.Nd5 Nxd5 11.cxd5 c6 12.Bc4 cxd5 13.Bxd5 Nd7 14.Rc1 h6 15.Be3 Nf6
16.Bb3 Nxe4 17.Rc7 Be6 18.Bxe6 Rxe6 19.Rxb7 Ra6 20.a3 Nd6 21.Rc7 Rb8 22.Rc2 e4
23.Nd4 Ra4 24.Nc6 Rxb2 25.Rxb2 Bxb2 26.Nxa7 Nf5 27.Nb5 Ra5 28.a4 Rxa4 29.Ke2 Ra5
30.Nc7 Ra2 31.Bd2 Nd4+ 32.Ke3 f5 33.f3 Nc2+ 34.Ke2 e3 35.Bxe3 Be5 36.Bb6 Nb4+
37.Ke3 Bxc7 38.Bxc7 Nd5+ 39.Kd4 Nxc7 40.Rc1 Rd2+ 41.Ke5 Re2+  0-1

[Event "FRA-chT"]
[Site "?"]
[Date "1992.??.??"]
[Round "?"]
[White "Guidez, Yann Michel"]
[Black "Vaisman, Volodia"]
[Result "1-0"]
[WhiteElo "2345"]
[BlackElo "2390"]

1.c4 g6 2.Nc3 Bg7 3.d4 d6 4.e4 Nd7 5.Be2 e5 6.Nf3 Ngf6 7.O-O O-O 8.Bg5 h6
9.Bh4 exd4 10.Nxd4 Re8 11.f4 c6 12.Nb3 Qc7 13.Kh1 a5 14.Nd2 Nc5 15.Qc2 a4
16.Rae1 Qa5 17.a3 Nfd7 18.Bg3 Nf8 19.f5 Be5 20.Bxe5 dxe5 21.Bg4 g5 22.Re3 Nh7
23.Rh3 Kg7 24.f6+ Nxf6 25.Bxc8 Raxc8 26.Rhf3 Re6 27.Rf5 Qd8 28.Nf3 Qd3 29.Qc1 Nb3
30.Qe1 Rce8 31.Nxe5 Rxe5 32.Rxf6 R8e7 33.Qf2 Qd7 34.Qg3 Qc7 35.Qh3 Qd8 36.Rxh6 Qg8
37.Rhf6 Kf8 38.Rh6 Kg7 39.Rhf6 Kf8 40.Qc8+ Kg7 41.Qg4 Qh7 42.Qg3 Kg8 43.R6f5 Qg7
44.Rd1 Re8 45.Rxe5 Qxe5 46.Rd8 Kh7 47.Rxe8 Qxe8 48.Qxg5 Nd4 49.e5 Ne6 50.Qh5+ Kg7
51.Ne4 Nf4 52.Qg5+ Ng6 53.Qf6+ Kg8 54.Qxg6+ fxg6 55.Nf6+ Kf7 56.Nxe8 Kxe8
57.Kg1 Ke7 58.Kf2 Ke6 59.Ke3 Kxe5 60.h4 Kf5 61.Kf3 c5 62.g3 Ke5 63.g4 Kd4
64.h5 gxh5 65.gxh5 Kxc4 66.h6 Kb3 67.h7 Kxb2 68.h8=Q+ Kxa3 69.Qc3+ Ka2 70.Qc2+  1-0

[Event "FRA-chT"]
[Site "?"]
[Date "1992.??.??"]
[Round "?"]
[White "Bernard, Christophe"]
[Black "Apicella, Manuel"]
[Result "0-1"]
[WhiteElo "2270"]
[BlackElo "2435"]

1.d4 Nf6 2.Nf3 g6 3.c4 Bg7 4.Nc3 O-O 5.e4 d6 6.Be2 e5 7.O-O Na6 8.Be3 Ng4
9.Bg5 Qe8 10.dxe5 dxe5 11.c5 h6 12.Bxa6 hxg5 13.Be2 Qe7 14.Nd5 Qd8 15.Qc1 c6
16.Nc3 Bf6 17.h3 Nh6 18.h4 g4 19.Qxh6 gxf3 20.Bc4 Bg7 21.Qxg6 Qxh4 22.Qg3 Qxg3
23.fxg3 fxg2 24.Kxg2 Bg4 25.Rf2 Rad8 26.Raf1 Rd7 27.Rh1 Rfd8 28.Rh4 Be6 29.Bxe6 fxe6
30.Rh2 Rd3 31.Rf3 Rd2+ 32.Rf2 Bf8 33.Kf3 Rxf2+ 34.Rxf2 Bxc5 35.Rh2 Rd3+ 36.Kg4 Kg7
37.Rh5 Bd4 38.Rg5+ Kf6 39.Rg8 Rd2 40.Rf8+ Kg6  0-1

[Event "FRA-chT"]
[Site "?"]
[Date "1992.??.??"]
[Round "?"]
[White "Guidez, Yann Michel"]
[Black "Hebden, Mark"]
[Result "0-1"]
[WhiteElo "2345"]
[BlackElo "2500"]

1.d4 Nf6 2.Nf3 g6 3.c4 Bg7 4.Nc3 O-O 5.e4 d6 6.Be2 e5 7.Be3 Ng4 8.Bg5 f6
9.Bc1 Nc6 10.h3 Nh6 11.dxe5 dxe5 12.Be3 Nf7 13.O-O Re8 14.c5 Be6 15.Qa4 Ne7
16.Bc4 Qc8 17.Rfd1 c6 18.Qb3 Bxc4 19.Qxc4 Qc7 20.Qe6 Rad8 21.Rd6 Rxd6 22.cxd6 Qxd6
23.Qxd6 Nxd6 24.Bxa7 b5 25.Rd1 Nec8 26.Bb8 Bf8 27.Nd2 Kf7 28.a4 bxa4 29.Nxa4 Nb5
30.Nc4 Ke6 31.Kf1 Bb4 32.Rd3 Nd4 33.f4 Nd6 34.Nxd6 Rxb8 35.Nc4 Ra8 36.Ncb6 Rd8
37.g3 exf4 38.Nd5 cxd5 39.Rxd4 Bd6 40.exd5+ Kf5 41.gxf4 Bxf4 42.Rd3 Bd6 43.Nb6 Ke4
44.Rc3 Be5 45.Rc6 Bxb2 46.Re6+ Be5 47.Ke2 h5 48.Kd2 Kf5  0-1

[Event "FRA-chT"]
[Site "?"]
[Date "1992.??.??"]
[Round "?"]
[White "Haik, Aldo"]
[Black "Rocher, Oliver"]
[Result "1-0"]
[WhiteElo "2375"]
[BlackElo "2220"]

1.d4 Nf6 2.c4 g6 3.Nc3 Bg7 4.e4 d6 5.Nf3 O-O 6.Be2 e5 7.dxe5 dxe5 8.Qxd8 Rxd8
9.Bg5 c6 10.Nxe5 Re8 11.O-O-O Nxe4 12.Nxe4 Bxe5 13.Rhe1 Bf5 14.Nc5 b6 15.Nd3 Nd7
16.Bf3 Rac8 17.Nb4 Nb8 18.g4 a5 19.gxf5 axb4 20.Bg4 f6 21.Be3 g5 22.Bxb6 Bxh2
23.Re6 Be5 24.Kc2 c5 25.Bxc5 Nc6 26.Bh5 Rxe6 27.fxe6 Rc7 28.Kb3 Kg7 29.Bf3 Ne7
30.Bxb4 f5 31.a4 Kf6 32.Rh1 Ng6 33.Bd5 Nf4 34.e7 Rxe7 35.Bxe7+ Kxe7 36.Rxh7+  1-0

[Event "FRA-chT"]
[Site "?"]
[Date "1992.??.??"]
[Round "?"]
[White "Herb, Pascal"]
[Black "Djuric, Stefan"]
[Result "1-0"]
[WhiteElo "2390"]
[BlackElo "2535"]

1.d4 Nf6 2.c4 g6 3.Nc3 Bg7 4.e4 d6 5.Nf3 O-O 6.Be2 c6 7.O-O e5 8.Re1 exd4
9.Nxd4 Re8 10.Bf1 Ng4 11.h3 Qb6 12.hxg4 Bxd4 13.Be3 Bxe3 14.Rxe3 Nd7 15.Qd2 a5
16.g5 a4 17.Rd1 Ra5 18.Rd3 Re6 19.Rxd6 Rxd6 20.Qxd6 Rxg5 21.Nxa4 Qa5 22.Nc3 Re5
23.b4 Qa3 24.Rd3 Qc1 25.Qc7 Re8 26.Rxd7 Bxd7 27.Qxd7 Ra8 28.Qd4 Ra3 29.Nd1 Rxa2
30.Ne3 Qe1 31.Qf6 Qxb4 32.e5 Qf8 33.c5 Rd2 34.Bc4 Qg7 35.Qe7 h5 36.Qxb7 Qf8
37.Qxc6 Kh7 38.Qc7 Kh6 39.Qxf7 Qxc5 40.Qf6 Kh7 41.Bf7 Qc1+ 42.Kh2 Qb1 43.e6 Qe4
44.e7  1-0

[Event "Fuerteventura op"]
[Site "Fuerteventura"]
[Date "1992.??.??"]
[Round "?"]
[White "Barredo Duran, Luis"]
[Black "Perez, Andres"]
[Result "1/2-1/2"]
[WhiteElo "2235"]
[BlackElo "2245"]

1.d4 Nf6 2.Nf3 g6 3.c4 Bg7 4.Nc3 O-O 5.e4 d6 6.Be2 e5 7.O-O exd4 8.Nxd4 Re8
9.f3 c6 10.Nc2 Be6 11.Bg5 h6 12.Bh4 g5 13.Bf2 d5 14.exd5 cxd5 15.c5 Nc6 16.Nb5 Nh5
17.Nd6 Re7 18.g3 b6 19.Bb5 Ne5 20.f4 gxf4 21.Nd4  1/2-1/2

[Event "Fuerteventura op"]
[Site "Fuerteventura"]
[Date "1992.??.??"]
[Round "?"]
[White "Machado, Raul"]
[Black "Perez, Andres"]
[Result "1/2-1/2"]
[WhiteElo "2250"]
[BlackElo "2245"]

1.d4 Nf6 2.Nf3 g6 3.c4 Bg7 4.Nc3 O-O 5.e4 d6 6.Be2 e5 7.O-O exd4 8.Nxd4 Re8
9.f3 c6 10.Nc2 Be6 11.f4 d5 12.cxd5 cxd5 13.e5 Ne4 14.Nd4 Nxc3 15.bxc3 Nc6
16.Rb1 Qd7 17.Qb3 Rab8 18.Be3 Nxd4 19.Bxd4 a6 20.Bxa6 bxa6 21.Qxb8 Rxb8 22.Rxb8+ Bf8
23.Bc5 Qc7 24.Bd6 Qa7+ 25.Kh1 Bf5 26.Rxf8+ Kg7 27.Re8 Kh6 28.Re7 Qe3 29.Rxf7 Be4
30.Bf8+ Kh5 31.Rxh7+ Kg4 32.f5 Bxg2+ 33.Kxg2 Qe4+  1/2-1/2

[Event "Gausdal Int"]
[Site "Gausdal"]
[Date "1992.??.??"]
[Round "4"]
[White "Ostenstad, Berge"]
[Black "Reeh, Oliver"]
[Result "1/2-1/2"]
[WhiteElo "2450"]
[BlackElo "2455"]

1.d4 Nf6 2.Nf3 g6 3.c4 Bg7 4.Nc3 O-O 5.e4 d6 6.Be2 Nbd7 7.O-O e5 8.Qc2 c6
9.d5 c5 10.a3 Ne8 11.b4 b6 12.Rb1 f5 13.Ng5 Ndf6 14.exf5 Bxf5 15.Bd3 Qd7
16.bxc5 dxc5 17.Bxf5 Qxf5 18.Qe2 Nd6 19.h3 Rae8 20.Ne6 Rxe6 21.dxe6 Qxe6
22.Rd1 Nxc4 23.Bg5 Na5 24.Bxf6 Bxf6 25.Ne4 Be7 26.Qa6 Nc6 27.Qb7 c4 28.Rd7 Rf7
29.Rbd1 Nd4 30.Qxa7 b5 31.Nc3 Qf6 32.Rf1 Bf8 33.Rxf7 Qxf7 34.Qb8 Qf5 35.Re1 Qc2
36.Nd5 Ne2+ 37.Kf1 Qd3 38.Rxe2 Qxd5 39.Qxe5 Qd1+ 40.Re1 Qd3+ 41.Kg1 c3 42.Qe6+ Kg7
43.Qe3 Qc4 44.Rc1 b4 45.axb4 Bxb4 46.Qa7+ Kh6 47.Qa4 Qe4 48.Qc2 Qf4 49.Re1 Bc5
50.Kf1 Qf6 51.Re2 Kg7 52.Qe4 Bd6 53.Qe3 h5 54.Ra2 Bf4 55.Qf3 h4 56.Rc2 Qa6+
57.Qe2 Qa3 58.Qc4 Be5 59.Ke2 Qe7 60.Kf1 Qd6 61.Re2 Bf6 62.f4 c2 63.Qxc2 Qxf4+
64.Rf2 Qe5 65.Qa4 Qc7 66.Rd2 Qe5 67.Qd7+ Kh6 68.Qd5 Qf4+ 69.Ke2 Bg5 70.Rd3 Qf6
71.Qd4 Qe6+ 72.Kd1 Qc8 73.Rc3 Qb8 74.Kc2 Qe8 75.Kd3 Qb5+ 76.Kc2 Qe2+ 77.Kb3 Qb5+
78.Kc2 Qe2+ 79.Kb3 Qb5+ 80.Kc2  1/2-1/2

[Event "Gausdal Int"]
[Site "Gausdal"]
[Date "1992.??.??"]
[Round "4"]
[White "Brestian, Egon"]
[Black "Hellers, Ferdinand"]
[Result "1/2-1/2"]
[WhiteElo "2450"]
[BlackElo "2500"]

1.Nf3 Nf6 2.d4 g6 3.c4 Bg7 4.Nc3 O-O 5.e4 d6 6.Be2 e5 7.dxe5 dxe5 8.Qxd8 Rxd8
9.Bg5 c6 10.Nxe5 Re8 11.O-O-O Na6 12.Rd6 Be6 13.f4 h6 14.Bxf6 Bxf6 15.Rhd1 Bxe5  1/2-1/2

[Event "Arnold Cup"]
[Site "Gausdal"]
[Date "1992.??.??"]
[Round "5"]
[White "Gausel, Einar"]
[Black "Berg, Klaus"]
[Result "1-0"]
[WhiteElo "2485"]
[BlackElo "2405"]

1.c4 g6 2.d4 Bg7 3.Nc3 d6 4.e4 Nf6 5.Be2 O-O 6.Nf3 e5 7.O-O Na6 8.Be3 Qe8
9.dxe5 dxe5 10.Nd2 b6 11.a4 c6 12.a5 Nd7 13.axb6 axb6 14.b4 Bb7 15.Qb3 Qe7
16.Rfb1 Rfb8 17.Bg4 Bf8 18.b5 Nac5 19.Qd1 Rxa1 20.Rxa1 cxb5 21.cxb5 Nf6 22.Bf3 h5
23.Ra7 Qd8 24.Qa1 Ncd7 25.Nd5 Nxd5 26.exd5 Qc7 27.h3 Bc5 28.Qc3 Qc8 29.Ne4 Bxd5
30.Bxc5 Bxe4 31.Bxe4 Qxc5 32.Qd2 Nf8 33.Bd5 Ne6 34.Bxe6 fxe6 35.Qh6  1-0

[Event "Gausdal Int"]
[Site "Gausdal"]
[Date "1992.??.??"]
[Round "7"]
[White "Savchenko, Stanislav"]
[Black "Djurhuus, Rune"]
[Result "1-0"]
[WhiteElo "2505"]
[BlackElo "2405"]

1.d4 Nf6 2.c4 g6 3.Nc3 Bg7 4.e4 d6 5.Nf3 O-O 6.Be2 e5 7.Be3 exd4 8.Nxd4 Re8
9.f3 c6 10.Bf2 d5 11.exd5 cxd5 12.O-O Nc6 13.c5 Nh5 14.Qd2 Be5 15.g3 Bh3
16.Rfd1 Ng7 17.Ndb5 Be6 18.f4 Bb8 19.Bf3 a6 20.Nd4 Nxd4 21.Bxd4 Ba7 22.Bf2 Rc8
23.b4 b6 24.Na4 bxc5 25.bxc5 Nf5 26.Bxd5 Bxd5 27.Qxd5 Qa5 28.Nb6 Rc7 29.Re1 Rce7
30.Rxe7 Rxe7 31.Qd8+ Kg7 32.g4 Qc3 33.Rd1  1-0

[Event "Troll Masters"]
[Site "Gausdal"]
[Date "1992.??.??"]
[Round "8"]
[White "Djurhuus, Rune"]
[Black "Remlinger, Larry"]
[Result "1/2-1/2"]
[WhiteElo "2420"]
[BlackElo "2340"]

1.Nf3 Nf6 2.c4 g6 3.Nc3 Bg7 4.e4 d6 5.d4 O-O 6.Be2 e5 7.O-O exd4 8.Nxd4 Re8
9.f3 c6 10.Kh1 Nbd7 11.Bg5 h6 12.Bh4 Ne5 13.f4 Neg4 14.Qd3 Nxe4 15.Nxe4 Qxh4
16.Bxg4 Bxg4 17.Nxd6 Red8 18.c5 Qf6 19.Nf3 b6 20.b4 Qxf4 21.Rae1 Qxb4 22.Ne5 Bf5
23.Qg3 Rxd6 24.cxd6 Qxd6 25.Nxf7 Qxg3 26.hxg3 Bd3 27.Rf3 Bc4 28.Nd6 Bxa2
29.Ne8 Bd5 30.Rff1 Bf8 31.Nf6+ Kg7 32.Ne8+ Kg8 33.Nf6+ Kg7 34.Ne8+  1/2-1/2

[Event "Gausdal Int"]
[Site "Gausdal"]
[Date "1992.??.??"]
[Round "9"]
[White "Olsen, Heini"]
[Black "Borge, Nikolaj"]
[Result "0-1"]
[WhiteElo "2245"]
[BlackElo "2410"]

1.d4 Nf6 2.c4 g6 3.Nc3 Bg7 4.e4 d6 5.Nf3 O-O 6.Be2 e5 7.O-O Na6 8.Re1 c6
9.Be3 exd4 10.Bxd4 Nc7 11.h3 Re8 12.e5 dxe5 13.Bxe5 Na6 14.Qxd8 Rxd8 15.Rad1 Bf5
16.Nd4 Bd7 17.Nb3 Ne8 18.Bxg7 Kxg7 19.Na5 Nc5 20.b4 b6 21.bxc5 bxa5 22.Bf3 Rac8
23.Rd4 Kf8 24.Red1 Ke7 25.Ne4 Ng7 26.Ng5 Be6 27.a3 Rxd4 28.Rxd4 h6 29.Nxe6 Nxe6
30.Rd6 Nxc5 31.Rxc6 Rxc6 32.Bxc6 f6 33.Kf1 Kd6 34.Be8 g5 35.Ke2 Ne6 36.g3 Kc5
37.Kd3 Nd4 38.Bf7 Nf5 39.Be6 Nd6 40.Bd5 Nc8 41.Ke4 Nd6+ 42.Kd3 Nb5 43.cxb5 Kxd5
44.a4 h5 45.g4 h4 46.f3 Ke5 47.Ke3 f5 48.gxf5 Kxf5 49.Ke2 Ke6 50.Kd2 Kd6
51.Kd3 Kd5 52.Ke3 Ke5  0-1

[Event "Geneve op"]
[Site "Geneve"]
[Date "1992.??.??"]
[Round "1"]
[White "Chachere, Lawrence"]
[Black "Martinovic, Slobodan"]
[Result "1/2-1/2"]
[WhiteElo "2240"]
[BlackElo "2460"]

1.d4 Nf6 2.c4 g6 3.Nc3 Bg7 4.e4 d6 5.Nf3 O-O 6.Be2 e5 7.O-O exd4 8.Nxd4 Re8
9.f3 Nh5 10.Be3 f5 11.Qd2 f4 12.Bf2 c6 13.Rad1 Be5 14.Rfe1 Na6 15.Nb3 Qe7
16.Nc1 Nc5 17.b4 Qg7 18.Bd4 Ne6 19.Bxe5 dxe5 20.c5 a5 21.a3 axb4 22.axb4 g5
23.h3 Ng3 24.Bc4 Kh8 25.N1e2 Nxe2+ 26.Nxe2 h5 27.Kf2 Nf8 28.Ra1 Rxa1 29.Rxa1 Be6
30.Bxe6 Nxe6 31.Qd6 Kg8 32.Ra7 g4 33.hxg4 hxg4 34.b5 cxb5  1/2-1/2

[Event "Geneve op"]
[Site "Geneve"]
[Date "1992.??.??"]
[Round "2"]
[White "Roeder, Mathias"]
[Black "Gerber, Richard"]
[Result "0-1"]
[WhiteElo "2420"]
[BlackElo "2310"]

1.d4 Nf6 2.c4 g6 3.Nc3 Bg7 4.e4 O-O 5.Nf3 d6 6.Be2 Nbd7 7.O-O e5 8.Re1 h6
9.dxe5 dxe5 10.Qc2 Nh7 11.Be3 f5 12.exf5 gxf5 13.Rad1 c6 14.Bc5 Re8 15.Bd6 Qf6
16.c5 e4 17.Nd4 Qg6 18.f4 Ndf8 19.Qb3+ Kh8 20.Bc4 Ne6 21.Nxe6 Bxe6 22.Bxe6 Rxe6
23.Qxb7 Rg8 24.Re2 Qh5 25.Qb3 Rg6 26.Rdd2 Qf3 27.Qc2 Nf6 28.Be5 Nh5 29.Rf2 Qg4
30.Bxg7+ R8xg7 31.Nxe4 fxe4 32.Qxe4 Nf6 33.Qxc6 Qf5 34.h3 Ne4 35.Rd8+ Kh7
36.Qe8 Rxg2+ 37.Rxg2 Qxc5+ 38.Kf1 Qc1+ 39.Ke2 Rxg2+ 40.Kf3 Qf1+ 41.Ke3 Re2+
42.Kd4 Qg1+  0-1

[Event "Geneve op"]
[Site "Geneve"]
[Date "1992.??.??"]
[Round "2"]
[White "Gheorghiu, Florin"]
[Black "Weindl, Alfred"]
[Result "1/2-1/2"]
[WhiteElo "2500"]
[BlackElo "2365"]

1.d4 Nf6 2.c4 g6 3.Nc3 Bg7 4.e4 d6 5.Nf3 O-O 6.Be2 e5 7.Be3 Na6 8.d5 Ng4
9.Bg5 f6 10.Bh4 Nh6 11.Nd2 Qd7 12.f3 f5 13.Bf2 Qe7 14.a3 g5 15.exf5 Nxf5
16.Nde4 c5 17.Nb5 h5 18.g4 hxg4 19.fxg4 Nd4 20.Nbxd6 Rf4 21.h3 Bd7 22.O-O Raf8
23.Kg2 Nc7 24.b4 b6 25.bxc5 bxc5 26.Qd3 Ne8 27.Nxe8 Bxe8 28.Bxd4 exd4 29.Rxf4 gxf4
30.Bf3 Bg6 31.Re1 Qh4 32.Qf1 Rb8 33.Qf2 Qxf2+ 34.Kxf2 d3 35.Rd1 Bd4+ 36.Kf1 Rb3
37.Nf2 Kf8 38.Be4 Bxe4 39.Nxe4 Be3  1/2-1/2

[Event "GER CupT"]
[Site "Germany"]
[Date "1992.??.??"]
[Round "?"]
[White "Gabriel, Christian"]
[Black "Podzielny, Karl Heinz"]
[Result "1/2-1/2"]
[WhiteElo "2360"]
[BlackElo "2450"]

1.d4 Nf6 2.c4 g6 3.Nc3 Bg7 4.e4 d6 5.Nf3 O-O 6.Be2 Qe8 7.O-O e5 8.d5 a5 9.Ne1 Na6
10.Nd3 h5 11.Rb1 Kh7 12.Bg5 Ng8 13.a3 Bh6 14.Bxh6 Nxh6 15.b4 Qe7 16.Qd2 Bd7
17.bxa5 Bc8 18.f4 exf4 19.Qxf4 f6 20.Rb5 g5 21.Qf2 h4 22.Bd1 Kg7 23.c5 Nf7
24.cxd6 cxd6 25.Rb6 Nb8 26.e5 fxe5 27.Rb5 Nd7 28.Ne4 Nh6 29.Qd2 Rxf1+ 30.Kxf1 Nf7
31.Kg1 Nf6 32.Nxg5 Bf5 33.Ne6+ Bxe6 34.dxe6 Qxe6 35.Bb3 d5 36.Rxb7 Qf5 37.Nf2 e4
38.Nd1 Kg6 39.Ne3 Qg5 40.Qf2 Ne5 41.Rb6 d4 42.Bd5 Nf3+ 43.Kf1 Re8 44.Bc6 Nxh2+
45.Ke1 Qxa5+ 46.Rb4 Rb8 47.Qxh4 Rxb4 48.Bxe4+ Kf7 49.axb4 Qe5 50.Nc4 Qxe4+
51.Qxe4 Nxe4 52.Ke2  1/2-1/2

[Event "NRW-Liga II 9192"]
[Site "Germany"]
[Date "1992.??.??"]
[Round "?"]
[White "Rechmann, Peter"]
[Black "Freckmann, Mark"]
[Result "1/2-1/2"]
[WhiteElo "2360"]
[BlackElo "2300"]

1.c4 g6 2.e4 Bg7 3.d4 d6 4.Nc3 Nf6 5.Be2 O-O 6.Nf3 e5 7.O-O exd4 8.Nxd4 Re8
9.f3 Nh5 10.f4 Nf6 11.Bf3 Nbd7 12.Re1 c6 13.Be3 Qc7 14.Qc2 Nc5 15.Kh1 Bg4
16.Bxg4 Nxg4 17.Bg1 Bxd4 18.Bxd4 Ne6 19.Qd1 Nxd4 20.Qxd4 Re6 21.h3 Nf6 22.Rf1 Qe7
23.f5 Re5 24.Rad1 Ne8 25.Rd3 b6 26.Rdf3 Rd8 27.Qd2 Rd7 28.Qh6 Qf8 29.Qf4 Qe7
30.fxg6 hxg6 31.Qh6 Rh5 32.Qf4 Qe5 33.Qg4  1/2-1/2

[Event "NRW-Liga I 9192"]
[Site "Germany"]
[Date "1992.??.??"]
[Round "?"]
[White "Dresen, Ulrich"]
[Black "Schiffer, Kai Uwe"]
[Result "1/2-1/2"]
[WhiteElo "2295"]
[BlackElo "2280"]

1.d4 Nf6 2.c4 d6 3.Nc3 Nbd7 4.e4 e5 5.Nf3 g6 6.Be2 Bg7 7.O-O O-O 8.Be3 c6
9.d5 c5 10.a3 Ng4 11.Bg5 f6 12.Bd2 Nh6 13.Qc1 Nf7 14.Bd3 Nb8 15.b4 Na6 16.Rb1 b6
17.Qc2 Bh6 18.Nb5 Bxd2 19.Nxd2 Bd7 20.f3 Qe7 21.Rfe1 Rfc8 22.Nc3 Rab8 23.Rb3 h5
24.Rc1 h4 25.Rf1 Qf8 26.Rf2 Qh6 27.b5 Nc7 28.Nf1 Kg7 29.Qd2 Qxd2 30.Rxd2 Ra8
31.Rdb2 Ng5 32.Nd2 Rf8 33.h3 f5 34.a4 Rfb8 35.a5 Kf7 36.Ra2 Ke7 37.Rba3 f4
38.axb6 axb6 39.Ra7 Kd8 40.Bf1 Nf7 41.Bd3 Kc8 42.Kf2  1/2-1/2

[Event "BL2-N9192"]
[Site "Germany"]
[Date "1992.??.??"]
[Round "?"]
[White "Holzapfel, Daniel"]
[Black "Bornemann, Wolfram"]
[Result "1/2-1/2"]
[WhiteElo "2285"]
[BlackElo "2355"]

1.d4 Nf6 2.Nf3 g6 3.c4 Bg7 4.Nc3 O-O 5.e4 d6 6.Be2 e5 7.dxe5 dxe5 8.Qxd8 Rxd8
9.Bg5 c6 10.Nxe5 Re8 11.O-O-O Na6 12.f4 h6 13.Bh4 g5 14.Bg3 Nc5 15.Bf3 g4
16.Bf2 Bf8 17.Be2 Ncxe4 18.Nxe4 Nxe4 19.Bd4 h5 20.Rhe1 Bh6 21.Nd3  1/2-1/2

[Event "GER CupT"]
[Site "Germany"]
[Date "1992.??.??"]
[Round "?"]
[White "Assmann, Thomas"]
[Black "Pfrommer, Christoph"]
[Result "1-0"]
[WhiteElo "2335"]
[BlackElo "2310"]

1.d4 Nf6 2.Nf3 g6 3.c4 Bg7 4.Nc3 O-O 5.e4 d6 6.Be2 e5 7.dxe5 dxe5 8.Qxd8 Rxd8
9.Bg5 Nbd7 10.O-O-O Rf8 11.Nd2 c6 12.b4 a5 13.a3 Re8 14.Kb2 Nf8 15.c5 Ne6
16.Bxf6 Bxf6 17.Nc4 axb4 18.axb4 Nd4 19.Nb6 Rb8 20.Bc4 Bd8 21.Nca4 Bxb6 22.Nxb6 Be6
23.Bxe6 Rxe6 24.Rd3 Re7 25.Rhd1 f6 26.Nc4 Kf7 27.f4 Ke6 28.Rf1 Rbe8 29.Rd2 Kd7
30.fxe5 fxe5 31.Nxe5+ Rxe5 32.Rxd4+ Ke7 33.Kb3 Rh5 34.h3 Rg5 35.g4 h5 36.gxh5 gxh5
37.Rd3 Reg8 38.Kc4 Rg3 39.Rdf3 h4 40.Rf7+ Ke6 41.Rxb7 Re3 42.Rd1 Rxe4+ 43.Rd4 Rxd4+
44.Kxd4 Rd8+ 45.Kc4 Rf8 46.Rh7 Rf4+ 47.Kb3 Rf3+ 48.Ka4 Rxh3 49.Ka5 Kd5 50.Kb6 Kc4
51.Kxc6 Kxb4 52.Kb6 Ka4 53.Ra7+ Kb4 54.c6 Rg3 55.Rh7 Rg4 56.c7 Rc4 57.Kb7  1-0

[Event "BL2-N9192"]
[Site "Germany"]
[Date "1992.??.??"]
[Round "?"]
[White "Bachmann, Andreas"]
[Black "Heinig, Wolfram"]
[Result "1-0"]
[WhiteElo "2300"]
[BlackElo "2315"]

1.Nf3 Nf6 2.c4 g6 3.Nc3 Bg7 4.e4 d6 5.d4 O-O 6.Be2 e5 7.O-O Nbd7 8.Bg5 h6
9.Bh4 c6 10.d5 Qc7 11.Nd2 Nh7 12.Rb1 f5 13.f3 Bf6 14.Bf2 Bg5 15.b4 Nhf6 16.c5 dxc5
17.bxc5 Qa5 18.dxc6 bxc6 19.Qb3+ Kg7 20.Nc4 Qc7 21.h4 Bf4 22.g3  1-0

[Event "BL2-W9192"]
[Site "Germany"]
[Date "1992.??.??"]
[Round "?"]
[White "Serrer, Christoph"]
[Black "Winterstein, Wolfgang"]
[Result "1/2-1/2"]
[WhiteElo "2260"]
[BlackElo "2305"]

1.Nf3 Nf6 2.c4 g6 3.Nc3 Bg7 4.e4 d6 5.d4 O-O 6.Be2 e5 7.dxe5 dxe5 8.Qxd8 Rxd8
9.Bg5 c6 10.Nxe5 Re8 11.O-O-O Na6 12.Rd6 Nh5 13.Nf3 Nc5 14.Be3 Bxc3 15.Bxc5 Ba5
16.Be3 Rxe4 17.Ng5 Re5 18.Rhd1 Ng7 19.g4  1/2-1/2

[Event "BL2-S9192"]
[Site "Germany"]
[Date "1992.??.??"]
[Round "?"]
[White "Fritsch, Rolf"]
[Black "Mandel, Andreas"]
[Result "1/2-1/2"]
[WhiteElo "2220"]
[BlackElo "2375"]

1.d4 Nf6 2.c4 g6 3.Nc3 Bg7 4.e4 d6 5.Nf3 O-O 6.Be2 e5 7.d5 a5 8.O-O Na6 9.Ne1 Nc5
10.Qc2 Nfd7 11.Be3 f5 12.f3 b6 13.Nd3 Nf6 14.Nf2 h5 15.a3 f4 16.Bxc5 bxc5
17.b4 axb4 18.axb4 Rxa1 19.Rxa1 cxb4 20.Nb5 g5 21.h3 g4 22.fxg4 hxg4 23.hxg4 f3
24.Bxf3 Bh6 25.Qd3 Bd7 26.Qe2 Bxb5 27.cxb5 Nh7 28.Rb1 Qh4 29.Rxb4 Bf4 30.Nh3 Ng5
31.Nxf4 Rxf4 32.Qf2 Qh6 33.Qe2 Rf7 34.Rc4 Rh7 35.Rc3 Qh2+ 36.Kf2 Rf7 37.Ke1 Qg1+
38.Kd2 Qd4+ 39.Kc2 Qa4+ 40.Kb2 Qb4+ 41.Rb3 Qd4+  1/2-1/2

[Event "GER-ch U20"]
[Site "Germany"]
[Date "1992.??.??"]
[Round "3"]
[White "Lisanti, Andre"]
[Black "Schmaltz, Roland"]
[Result "0-1"]
[WhiteElo "2280"]
[BlackElo "2305"]

1.d4 g6 2.c4 Bg7 3.Nc3 d6 4.Nf3 Nf6 5.e4 O-O 6.Be2 e5 7.d5 a5 8.Bg5 h6 9.Bh4 Na6
10.Nd2 Qe8 11.O-O Nh7 12.a3 Bd7 13.f3 h5 14.b3 Bh6 15.Rb1 Be3+ 16.Bf2 Bc5
17.Bxc5 Nxc5 18.Qc1 Qe7 19.b4 axb4 20.axb4 Na4 21.Nd1 Nf6 22.Nb3 h4 23.Qh6 Nh5
24.Rf2 Nf4 25.Bf1 c6 26.Rc1 cxd5 27.cxd5 Rfc8 28.Rfc2 Qd8 29.Rxc8 Rxc8 30.g3 Rxc1
31.Nxc1 hxg3 32.hxg3 Qc7 33.Na2 Nh5 34.Bd3 Nxg3 35.Qc1 Qd8 36.Ne3 Nh5 37.Ng2 Bh3
38.Bf1 Bxg2 39.Bxg2 Nf4 40.Qc2 Qg5 41.Kf1 Nb6 42.Bh1 Qh4 43.Bg2 Qh2 44.Nc1 Nc4  0-1

[Event "Goch op"]
[Site "Goch"]
[Date "1992.??.??"]
[Round "3"]
[White "Jankovskis, Guntis"]
[Black "Zlochevskij, Alexander"]
[Result "1/2-1/2"]
[WhiteElo "2310"]
[BlackElo "2450"]

1.Nf3 d6 2.d4 Nf6 3.c4 g6 4.Nc3 Bg7 5.e4 O-O 6.Be2 e5 7.O-O Na6 8.Re1 c6
9.Bf1 Bg4 10.dxe5 Bxf3 11.Qxf3 dxe5 12.Be3 Qe7 13.a3 Nc7 14.Qe2 Ne6 15.f3 Rfd8
16.Qf2 Nd4 17.Rad1 Ne8 18.f4 Nc7 19.fxe5 Qxe5 20.Bf4 Qe7 21.Bg3 Be5 22.Nd5 cxd5
23.Bxe5 Qxe5 24.exd5 Qd6 25.Qxd4 b6 26.Kh1 a5 27.Qe5 a4 28.Qxd6 Rxd6 29.Kg1 Kf8
30.Re3 Na6 31.g3 Nc5 32.Rde1 h5 33.Bh3 Rb8 34.Bf1 Rd7 35.Kg2 Nb7 36.b4 axb3
37.Rxb3 Nc5 38.Rb5 Ra7 39.Reb1 Re8 40.Rxb6 Rxa3 41.Rc6 Ra2+ 42.Kg1 Ne4 43.Re1 f5
44.Bg2 Kg7 45.Bxe4 fxe4 46.d6 Rb8 47.Rc7+ Kh6  1/2-1/2

[Event "Graz-ch"]
[Site "Graz"]
[Date "1992.??.??"]
[Round "2"]
[White "Postl, Anton"]
[Black "Zimmermann, Heinz"]
[Result "0-1"]
[WhiteElo "2190"]
[BlackElo "2220"]

1.d4 Nf6 2.c4 d6 3.Nf3 g6 4.Nc3 Bg7 5.e4 O-O 6.Be2 e5 7.O-O Na6 8.Re1 Bg4
9.d5 Nc5 10.Nd2 Nd3 11.f3 Nxc1 12.fxg4 Nxe2+ 13.Qxe2 Bh6 14.Nf1 Qd7 15.h3 Ne8
16.h4 Bg7 17.Ne3 Nf6 18.Rf1 h5 19.g5 Nh7 20.Rf3 f6 21.gxf6 Nxf6 22.Raf1 Rf7
23.b4 Raf8 24.c5 Bh6 25.Nc4 b5 26.cxb6 axb6 27.a4 Qg4 28.Qf2 Nxe4  0-1

[Event "Groningen op"]
[Site "Groningen"]
[Date "1992.??.??"]
[Round "1"]
[White "Sakaev, Konstantin"]
[Black "Etchegaray, Patrice"]
[Result "1-0"]
[WhiteElo "2540"]
[BlackElo "2315"]

1.d4 Nf6 2.c4 g6 3.Nc3 Bg7 4.e4 d6 5.Nf3 O-O 6.Be2 e5 7.Be3 Qe7 8.dxe5 dxe5
9.Nd5 Qd8 10.Bc5 Nxe4 11.Be7 Qd7 12.Bxf8 Kxf8 13.Qd3 f5 14.Rd1 Nc6 15.Qa3+ Kg8
16.O-O Bf8 17.b4 Qg7 18.Qb2 g5 19.b5 g4 20.bxc6 gxf3 21.Bxf3 bxc6 22.Bxe4 fxe4
23.Ne3 Bc5 24.Rd8+ Kf7 25.Qc2 Qf6 26.Rxc8 Rxc8 27.Qxe4 Rg8 28.Ng4 Qe6 29.Qxh7+ Kf8
30.h3 Rg7 31.Qh8+ Kf7 32.Qh5+ Kf8 33.Rb1 Bb6 34.c5 Qxa2 35.Rd1  1-0

[Event "Groningen op"]
[Site "Groningen"]
[Date "1992.??.??"]
[Round "2"]
[White "Truta, Srecko"]
[Black "Matveeva, Svetlana"]
[Result "0-1"]
[WhiteElo "2255"]
[BlackElo "2435"]

1.Nf3 Nf6 2.c4 g6 3.Nc3 Bg7 4.e4 d6 5.d4 O-O 6.Be2 e5 7.O-O exd4 8.Nxd4 Re8
9.f3 c6 10.Nb3 Na6 11.Bf4 d5 12.cxd5 cxd5 13.Bxa6 bxa6 14.Nxd5 Nxd5 15.exd5 Bxb2
16.Rb1 Be5 17.Bxe5 Rxe5 18.d6 Be6 19.Rf2 Rd5 20.Rd2 Qxd6 21.Rxd5 Bxd5 22.Qd4 Qb6
23.Rd1 Bxb3 24.Qxb6 axb6 25.axb3 a5 26.Rd5 Re8 27.Kf2 h5 28.h4 Kg7 29.Kg3 Kf6
30.Kf4 Ke6 31.Ke4 Rc8 32.Kd4 Rc2 33.Rb5 Rxg2 34.Rxb6+ Kf5 35.Ke3 Rh2 36.Rb5+ Ke6
37.Rxa5 Rxh4 38.Rb5 Rh2 39.Rb6+ Kf5 40.Rb5+ Kf6 41.Rb6+ Kg5 42.f4+ Kf5 43.Rb5+ Kf6
44.Rb6+ Kg7 45.Kf3 Rh3+ 46.Kg2 Re3 47.b4 h4 48.b5 Rg3+ 49.Kf2 Rg4 50.Kf3 h3
51.Kxg4 h2 52.f5 gxf5+ 53.Kxf5 h1=Q 54.Ke5 Qd1 55.Rb7 Qf3  0-1

[Event "Groningen op"]
[Site "Groningen"]
[Date "1992.??.??"]
[Round "3"]
[White "De Boer, Gert Jan"]
[Black "Bliumberg, Vladislav"]
[Result "1-0"]
[WhiteElo "2430"]
[BlackElo "2265"]

1.d4 Nf6 2.c4 g6 3.Nc3 Bg7 4.e4 d6 5.Be2 O-O 6.Nf3 e5 7.Be3 Na6 8.O-O exd4
9.Nxd4 Re8 10.f3 c6 11.Qd2 d5 12.exd5 cxd5 13.Rad1 dxc4 14.Bxc4 Bd7 15.Ne4 Nxe4
16.fxe4 Rf8 17.Bd5 Nc7 18.Bxb7 Rb8 19.Nc6 Bxc6 20.Qxd8 Rfxd8 21.Bxc6 Rxd1
22.Rxd1 Rxb2 23.Rd8+ Bf8 24.Bd5 Na6 25.Bb3 Rb1+ 26.Kf2 Kg7 27.Bd4+ f6 28.e5  1-0